000 00715nam a22002177a 4500
999 _c11041
_d11041
003 AR-CdUCM
008 190402b ||||| |||| 00| 0 spa d
040 _aMUNICIPALIDAD PROVINCIAL DEL CUSCO
_cBIBLIOTECA MUNICIPAL DEL CUSCO
082 _a869.56 /
_bM12R / 1944
100 _aMacedo C., María Rosa
_928170
245 _aRastrojo /
260 _aLima :
_bImp. Gmo Lenta,
_c1944.
300 _a207 páginas ;
_c22 cm.
500 _aNovela elegida por el Jurado Nacional para representar al Perú en el II concurso Literario Latinoamericano.
505 _aContenido: Novela.
650 _aNovelas Peruanas
_9545
650 _aSiglo XX
_98
650 _aLiteratura
_983
942 _2ddc
_cLIBROS
945 _aachl